Los policrestos homeopáticos en sus relaciones con los trastornos neuro-endocrino-simpáticos / (Record no. 14629)

MARC details
000 -LEADER
campo de control de longitud fija 00618nam a2200181 i 4500
001 - NÚMERO DE CONTROL
campo de control 14629
003 - IDENTIFICADOR DE NÚMERO DE CONTROL
campo de control ES-MaACL
007 - CAMPO FIJO DE DESCRIPCIÓN FÍSICA--INFORMACIÓN GENERAL
campo de control de longitud fija t|
008 - DATOS DE LONGITUD FIJA--INFORMACIÓN GENERAL
campo de control de longitud fija 990518s1937 mx ||||1| spa d
080 ## - NÚMERO DE LA CLASIFICACIÓN DECIMAL UNIVERSAL
Número de la Clasificación Decimal Universal 615.015.32
100 1# - ENTRADA PRINCIPAL--NOMBRE DE PERSONA
Nombre de persona Tétau, Joseph.
9 (RLIN) 109842
245 14 - MENCIÓN DEL TÍTULO
Título Los policrestos homeopáticos en sus relaciones con los trastornos neuro-endocrino-simpáticos /
Mención de responsabilidad, etc. por Joseph Tetau ; traductor Oscar F. González Lutz.
260 ## - PUBLICACIÓN, DISTRIBUCIÓN, ETC.
Lugar de publicación, distribución, etc. México :
Nombre del editor, distribuidor, etc. Federico Anaya Reyes,
Fecha de publicación, distribución, etc. 1937.
300 ## - DESCRIPCIÓN FÍSICA
Extensión 146 p. ;
Dimensiones 18 cm.
650 14 - PUNTO DE ACCESO ADICIONAL DE MATERIA--TÉRMINO DE MATERIA
Término de materia o nombre geográfico como elemento de entrada Homeopatía.
9 (RLIN) 13463
700 1# - ENTRADA AGREGADA--NOMBRE PERSONAL
Nombre de persona González Lutz, Oscar F.
9 (RLIN) 58774
852 ## - LOCALIZACIÓN
Ubicación ES-MaACL
Número de control de estantería G-2090
Sublocalización o colección R.110974
Holdings
Estatus retirado Estado de pérdida Estado de daño No para préstamo Biblioteca de origen Biblioteca actual Ubicación en estantería Fecha de adquisición Fuente de adquisición Total de préstamos Signatura topográfica completa Código de barras Visto por última vez Precio de reemplazo Tipo de ítem Koha
        Biblioteca del Ateneo de Madrid Biblioteca del Ateneo de Madrid Depósito 2 17/01/2008     G-2090 1014877 23/02/2023 23/02/2023 Libro impreso